Desplumado = Featherless / (Record no. 18947)

MARC details
000 -LEADER
fixed length control field 01276cam a22003498a 4500
001 - CONTROL NUMBER
control field 54611260
003 - CONTROL NUMBER IDENTIFIER
control field OCoLC
005 - DATE AND TIME OF LATEST TRANSACTION
control field 20171017121049.0
008 - FIXED-LENGTH DATA ELEMENTS--GENERAL INFORMATION
fixed length control field 040102s2004 cau b 000 1 eng
010 ## - LIBRARY OF CONGRESS CONTROL NUMBER
LC control number 2004041304
020 ## - INTERNATIONAL STANDARD BOOK NUMBER
International Standard Book Number 0892391952 (hardcover)
020 ## - INTERNATIONAL STANDARD BOOK NUMBER
International Standard Book Number 9780892391950 (hardcover)
040 ## - CATALOGING SOURCE
Original cataloging agency DLC
Transcribing agency DLC
Modifying agency CD5
-- JRK
041 0# - LANGUAGE CODE
Language code of text/sound track or separate title eng
-- spa
042 ## - AUTHENTICATION CODE
Authentication code lcac
043 ## - GEOGRAPHIC AREA CODE
Geographic area code n-us-ca
082 00 - DEWEY DECIMAL CLASSIFICATION NUMBER
Classification number [E]
Edition number 22
100 1# - MAIN ENTRY--PERSONAL NAME
Personal name Herrera, Juan Felipe.
245 10 - TITLE STATEMENT
Title Desplumado = Featherless /
Statement of responsibility, etc. story by Juan Felipe Herrera ; illustrations by Ernesto Cuevas, Jr.
246 31 - VARYING FORM OF TITLE
Title proper/short title Featherless
260 ## - PUBLICATION, DISTRIBUTION, ETC. (IMPRINT)
Place of publication, distribution, etc. San Francisco Calif. :
Name of publisher, distributor, etc. Children's Book Press,
Date of publication, distribution, etc. 2004.
300 ## - PHYSICAL DESCRIPTION
Extent 30 p. :
Other physical details col. ill. ;
Dimensions 26 cm.
520 ## - SUMMARY, ETC.
Summary, etc. Although Tomasito's spina bifida keeps him in a wheelchair, where he often feels as confined as his flightless and featherless pet bird, he discovers that he can feel free when he is on the soccer field.
650 #1 - SUBJECT ADDED ENTRY--TOPICAL TERM
Topical term or geographic name as entry element Mexican Americans
Form subdivision Fiction.
650 #1 - SUBJECT ADDED ENTRY--TOPICAL TERM
Topical term or geographic name as entry element Spina bifida
Form subdivision Fiction.
650 #1 - SUBJECT ADDED ENTRY--TOPICAL TERM
Topical term or geographic name as entry element People with disabilities
Form subdivision Fiction.
650 #1 - SUBJECT ADDED ENTRY--TOPICAL TERM
Topical term or geographic name as entry element Birds as pets
Form subdivision Fiction.
650 #1 - SUBJECT ADDED ENTRY--TOPICAL TERM
Topical term or geographic name as entry element Spanish language materials
General subdivision Bilingual.
650 #7 - SUBJECT ADDED ENTRY--TOPICAL TERM
Topical term or geographic name as entry element Mexicano-americanos
Form subdivision Novela juvenil.
Source of heading or term bidex.
700 1# - ADDED ENTRY--PERSONAL NAME
Personal name Cuevas, Ernesto,
Relator term ill.
942 ## - ADDED ENTRY ELEMENTS (KOHA)
Koha item type Libro/Book
Holdings
Withdrawn status Lost status Damaged status Not for loan Home library Current library Date acquired Inventory number Total Checkouts Barcode Checked out Date last seen Date checked out Price effective from Koha item type
        Genizero -- Satellite San Juan Del Sur -- Biblioteca 17/10/2017 Checked out from 2023 - Jan 2025 2 35601572 02/08/2023 28/06/2023 28/06/2023 17/10/2017 Libro/Book

Powered by Koha